|
|
|
|
| LEADER |
02570nam a22004452a 4500 |
| 001 |
000675321 |
| 003 |
CZ BrMZK |
| 005 |
20190807145819.0 |
| 007 |
ta |
| 008 |
030626s1969 gw a f 000 0 ger d |
| 020 |
|
|
|q (Váz.)
|
| 040 |
|
|
|a ABA001
|b cze
|c BOA001
|
| 041 |
0 |
|
|a ger
|b eng
|
| 072 |
|
7 |
|a 539
|x Fyzikální stavba hmoty. Jaderná fyzika. Molekulární fyzika
|2 Konspekt
|9 6
|
| 080 |
|
|
|a 539.2
|2 MRF
|
| 080 |
|
|
|a 548.1/.2
|2 MRF
|
| 080 |
|
|
|a (083.4)
|2 MRF
|
| 245 |
0 |
0 |
|a Kristall- und Festkörperphysik /
|c von R. Bechmann, R.F.S. Hearmon, S.K. Kurtz ; Herausgeber K.-H. Hellwege und A.M. Hellwege. Band 2, Ergänzung und Erweiterung zu Band 1,Elastische, piezoelektrische, piezooptische, elektrooptische Konstanten und nichtlineare dielektrische Suszeptibilitäten von Kristallen = Crystal and solid state physics. Volume 2, Supplement and extension to volume 1,Elastic, piezoelectric, piezooptic, electrooptic constants, and nonlinear dielectric susceptibilities of crystals
|
| 246 |
3 |
1 |
|a Elastische, piezoelektrische, piezooptische, elektrooptische Konstanten und nichtlineare dielektrische Suszeptibilitäten von Kristallen
|
| 246 |
3 |
0 |
|a Elastic, piezoelectric, piezooptic, electrooptic constants, and nonlinear dielectric susceptibilities of crystals
|
| 246 |
3 |
|
|a Crystal and solid state physics.
|p Elastic, piezoelectric, piezooptic, electrooptic constants, and nonlinear dielectric susceptibilities of crystals
|
| 260 |
|
|
|a Berlin :
|b Springer,
|c 1969
|
| 300 |
|
|
|a 9. 232 s. ;
|c 28 cm
|
| 490 |
1 |
|
|a Zahlenwerte und Funktionen aus Naturwissenschaften und Technik. Gruppe 3, Numerical data and functional relationships in science and technology ;
|v Bd. 2
|
| 500 |
|
|
|a Souběžný anglický úvod
|
| 504 |
|
|
|a Obsahuje bibliografie a rejstřík
|
| 650 |
0 |
7 |
|a fyzika pevných látek
|7 ph117194
|2 czenas
|
| 650 |
0 |
7 |
|a krystaly
|7 ph121980
|2 czenas
|
| 655 |
|
7 |
|a tabulky
|7 fd133666
|2 czenas
|
| 700 |
1 |
|
|a Kurtz, S. K.
|4 com
|
| 700 |
1 |
|
|a Hellwege, Karl-Heinz,
|d 1910-1999
|7 jx20041012005
|4 edt
|
| 700 |
1 |
|
|a Hellwege, Anne Marie
|7 jx20080213016
|4 edt
|
| 700 |
1 |
|
|a Landolt, Hans,
|d 1831-1910
|7 jn20011018751
|4 ant
|
| 700 |
1 |
|
|a Börnstein, Richard,
|d 1852-1913
|7 jn20011018021
|4 ant
|
| 700 |
1 |
|
|a Bechmann, R.
|4 com
|
| 700 |
1 |
|
|a Hearmon, R. F. S.
|4 com
|
| 830 |
|
0 |
|a Zahlenwerte und Funktionen aus Naturwissenschaften und Technik.
|p Numerical data and functional relationships in science and technology
|
| 910 |
|
|
|a BOA001
|b TK-A-0148.427,3/2
|
| 990 |
|
|
|a BK
|
| 996 |
6 |
|
|b 2629978665
|c TK-A-0148.427,3/2
|l MZK
|r STM 6p
|n 0
|h 5 LAN
|w 000675321
|u 000010
|a 0
|e BOA001
|j MZK50
|s P
|